ARRUPE JESUIT UNIVERSITY

CORONAVIRUS -STOP THE SPREAD - CLEAN,DISINFECT,COVER

House of meetings / (Record no. 118521)

MARC details
000 -LEADER
fixed length control field 01587cam a2200385 a 4500
001 - CONTROL NUMBER
control field 14390140
003 - CONTROL NUMBER IDENTIFIER
control field ARRUPE
005 - DATE AND TIME OF LATEST TRANSACTION
control field 20131105170132.0
008 - FIXED-LENGTH DATA ELEMENTS--GENERAL INFORMATION
fixed length control field 060525r20072006nyu 000 1 eng
010 ## - LIBRARY OF CONGRESS CONTROL NUMBER
LC control number 2006047397
020 ## - INTERNATIONAL STANDARD BOOK NUMBER
International Standard Book Number 1400044553
020 ## - INTERNATIONAL STANDARD BOOK NUMBER
International Standard Book Number 9781400044559
035 ## - SYSTEM CONTROL NUMBER
System control number (OCoLC)ocm69792698
040 ## - CATALOGING SOURCE
Original cataloging agency DLC
Transcribing agency DLC
Modifying agency BAKER
-- BTCTA
-- YDXCP
-- ZS3
-- C#P
-- ILC
-- YDX
-- IXA
-- OCLCQ
-- DLC
043 ## - GEOGRAPHIC AREA CODE
Geographic area code e-ur---
050 00 - LIBRARY OF CONGRESS CALL NUMBER
Classification number P23.A519
Item number H6 2007
300 ## - PHYSICAL DESCRIPTION
Dimensions 23 cm.
100 1# - MAIN ENTRY--PERSONAL NAME
Personal name Amis, Martin.
9 (RLIN) 3279
245 10 - TITLE STATEMENT
Title House of meetings /
Statement of responsibility, etc Martin Amis.
250 ## - EDITION STATEMENT
Edition statement 1st North American ed.
260 ## - PUBLICATION, DISTRIBUTION, ETC. (IMPRINT)
Place of publication, distribution, etc New York :
Name of publisher, distributor, etc Alfred A. Knopf,
Date of publication, distribution, etc 2007.
300 ## - PHYSICAL DESCRIPTION
Extent 241 p. ;
500 ## - GENERAL NOTE
General note Originally published: London : Jonathan Cape, 2006.
500 ## - GENERAL NOTE
General note A novella along with two stories.
505 0# - FORMATTED CONTENTS NOTE
Formatted contents note House of meetings -- The last days of Muhammad Atta -- In the palace of the end.
650 #0 - SUBJECT ADDED ENTRY--TOPICAL TERM
Topical term or geographic name as entry element Slave labor
Form subdivision Fiction.
9 (RLIN) 3280
650 #0 - SUBJECT ADDED ENTRY--TOPICAL TERM
Topical term or geographic name as entry element Triangles (Interpersonal relations)
Form subdivision Fiction.
9 (RLIN) 3281
650 #0 - SUBJECT ADDED ENTRY--TOPICAL TERM
Topical term or geographic name as entry element Brothers
Form subdivision Fiction.
9 (RLIN) 3282
651 #0 - SUBJECT ADDED ENTRY--GEOGRAPHIC NAME
Geographic name Moscow (Russia)
Form subdivision Fiction.
9 (RLIN) 3283
856 42 - ELECTRONIC LOCATION AND ACCESS
Materials specified Contributor biographical information
Uniform Resource Identifier <a href="http://www.loc.gov/catdir/enhancements/fy0701/2006047397-b.html">http://www.loc.gov/catdir/enhancements/fy0701/2006047397-b.html</a>
856 42 - ELECTRONIC LOCATION AND ACCESS
Materials specified Publisher description
Uniform Resource Identifier <a href="http://www.loc.gov/catdir/enhancements/fy0701/2006047397-d.html">http://www.loc.gov/catdir/enhancements/fy0701/2006047397-d.html</a>
856 41 - ELECTRONIC LOCATION AND ACCESS
Materials specified Sample text
Uniform Resource Identifier <a href="http://www.loc.gov/catdir/enhancements/fy0711/2006047397-s.html">http://www.loc.gov/catdir/enhancements/fy0711/2006047397-s.html</a>
906 ## - LOCAL DATA ELEMENT F, LDF (RLIN)
a 7
b cbc
c orignew
d 1
e ocip
f 20
g y-gencatlg
942 ## - ADDED ENTRY ELEMENTS (KOHA)
Source of classification or shelving scheme Library of Congress Classification
Koha item type Monograph ( Printed materials)
Holdings
Withdrawn status Lost status Source of classification or shelving scheme Damaged status Not for loan Collection code Home library Current library Shelving location Date acquired Total Checkouts Full call number Barcode Date last seen Price effective from Koha item type
    Library of Congress Classification     Main Collection ARRUPE LIBRARY ARRUPE LIBRARY Main Collection 05/11/2013   PZ3.A519 H6 2007 46410444 02/07/2019 05/11/2013 Monograph ( Printed materials)

 

Arrupe Library. PO Box MP320 Mt Pleasant, Harare, Zimbabwe
263 242 745411|librarian@aju.ac.zw